|
|
|
|
| LEADER |
00000nam a22000007a 4500 |
| 005 |
20200306002143.0 |
| 007 |
cr|||| |||| |
| 008 |
200306s2016 co |||||s|||| 00||0 spa d |
| 020 |
|
|
|a 978-958-9348-69-7
|
| 035 |
|
|
|a 31156
|
| 040 |
|
|
|a vLex
|
| 090 |
|
|
|c 10193
|d 10193
|
| 100 |
1 |
|
|a Lemaitre Ripoll, Julieta
|
| 245 |
1 |
2 |
|a El caso ℓngel Alberto Duque
|h [Recurso electrn̤ico] :
|b Sentencia de la Corte Interamericana /
|c Julieta Lemaitre Ripoll, Andrea Romero Lp̤ez, Andrš Contreras Fonseca
|
| 256 |
|
|
|a Servicio en ln̕ea
|
| 260 |
|
|
|a Bogot:̀
|b Comisin̤ Colombiana de Juristas,
|c 2016
|
| 300 |
|
|
|a 1 recurso electrn̤ico
|
| 506 |
1 |
|
|a Disponible solo en los productos indicados
|d vLex Global
|d vLex Global (Academic Edition, excluding Law Schools)
|d vLex Global (U.S. Academic Edition, Law Schools)
|d vLex Global (U.S. Academic Edition, excluding Law Schools)
|d vLex Global (Academic Edition, Law Schools)
|
| 650 |
0 |
4 |
|a Derecho Constitucional
|z Colombia
|
| 700 |
1 |
|
|a Romero Lp̤ez, Andrea
|
| 700 |
1 |
|
|a Contreras Fonseca, Andrš
|
| 740 |
0 |
|
|a vLex Libros (Servicio en ln̕ea)
|
| 856 |
4 |
0 |
|u http://vlex.com/source/caso-angel-alberto-duque-sentencia-corte-interamericana-31156
|z Acceso restringido
|
| 942 |
|
|
|c BOOK
|
| 999 |
0 |
|
|a Constitutional right
|